000 00489nam a2200157 a 4500
001 000038938
005 20201002031428.0
008 130507s2019 dr c r 000 0 spa d
040 _aDO-SdBNP
_bspa
_cBNPHU
082 _axxxx
_bP349d
100 1 _aPeña Defilló, Fernando,
_d1926-2016
_965206
245 1 0 _aDiálogo insular /
_cFernando Peña Defilló.
260 _aSanto Domingo :
_bMuseo de Arte Moderno,
_c2019.
300 _a142 p. :
_bretrs. ;
_c31 cm.
590 _aInventariado, 2020/BT
999 _c38428
_d38428